Kraf tangan tradisional dan dimensi baru

Bibliographic Details
Main Author: Suhaibah Abdul Mutalib
Format: Book
Published: Selangor : Penerbitan ZamZam , 2016
Series:Siri pendidikan seni visual
Subjects:

MARC

LEADER 00000cam a2200000 7i4500
001 0000070722
005 20170222.0
008 170222
020 |a 9789670635446 
090 0 0 |a 741.207   |b SUH 
100 0 |a Suhaibah Abdul Mutalib 
245 0 0 |a Kraf tangan tradisional dan dimensi baru   |c Suhaibah Abdul Mutalib 
260 |a Selangor :   |b Penerbitan ZamZam ,   |c 2016 
490 1 |a Siri pendidikan seni visual 
500 |a Seni Visual (dewasa). 
650 0 |a Junior fiction   |x Malay fiction   |z Seni visual 
999 |a 0001420264   |b Book   |c Adult Collection   |e Cawangan Segamat 
999 |a 0001420265   |b Book   |c Adult Collection   |e Cawangan Batu Pahat 
999 |a 0001420266   |b Book   |c Adult Collection   |e Cawangan Kota Tinggi 
999 |a 0001420267   |b Book   |c Adult Collection   |e Cawangan Taman Sri Lambak 
999 |a 0001420268   |b Book   |c Adult Collection   |e Cawangan Pontian 
999 |a 0001420270   |b Book   |c Adult Collection   |e Cawangan Bandar Penawar 
999 |a 0001420271   |b Book   |c Adult Collection   |e Cawangan Bandar Tenggara 
999 |a 0001420273   |b Book   |c Adult Collection   |e Cawangan Sri Merlong 
999 |a 0001420274   |b Book   |c Adult Collection   |e Cawangan Tangkak 
999 |a 0001420275   |b Book   |c Adult Collection   |e Cawangan Mersing 
999 |a 0001420276   |b Book   |c Adult Collection   |e Cawangan Tmn. Ungku Tun Aminah 
999 |a 0001425120   |b Book   |c Adult Collection   |e Perbadanan Perpustakaan Awam Johor 
999 |a 0001425121   |b Book   |c Adult Collection   |e Cawangan Urban Transformation Centre